Score 0/30 Timer 03:00
0 Plays Today
Clue Rung % Correct
1982 Michael Jackson song
☆ ____ It ☆
BEAT
97.3%
Species of Yogi and PaddingtonBEAR
96%
2004 The Game song ft 50 Cent
☆ Hate It or ____ It ☆
LOVE
87.1%
1975 KC and the Sunshine Band song
☆ That's the Way (I ____ It) ☆
LIKE
86.9%
There's no 'I' in itTEAM
85.4%
Home for beesHIVE
85.2%
Long outdoor walk HIKE
84%
1984 Queen song
☆ ____ It Up ☆
TEAR
83.7%
1981 Grace Jones song
☆ I've ____ It Again ☆
DONE
80.3%
Slipped, tumbledFELL
79.9%
Could precede Wolf or Ranger LONE
79.9%
Slightly wetDAMP
78.7%
Item for Aladdin or Florence NightingaleLAMP
77.9%
Hill making animalMOLE
77.8%
1991 Red Hot Chili Peppers song
☆ ____ It Away ☆
GIVE
77.8%
Clue Rung % Correct
1994 Reel 2 Real song
☆ I Like to ____ It ☆
MOVE
77.7%
Official 2018 World Cup song
☆ ____ It Up ☆
LIVE
76.4%
Video or board, e.g.GAME
75%
Unable to walkLAME
74.6%
2010 Boyzone song
☆ ____ It All Away ☆
GAVE
72.4%
2016 Stephen song
☆ ____ It Up ☆
LINE
71.9%
Distribute or deal out somethingDOLE
70.8%
2017 Portugal. The Man. song
☆ ____ It Still ☆
FEEL
68.8%
To be full of; to be swarming withTEEM
68.3%
Break up with badlyDUMP
64.1%
Edith Nesbit novel: ____ Children and ItFIVE
56.1%
Sesame seed oilTEEL
55.1%
2014 Tribal Seeds song
☆ ____ It Up ☆
FILL
54.8%
Metal tool or computer menu optionFILE
54.7%
2004 Black Eyed Peas song
☆ ____ It ☆
PUMP
44.3%

Today's Daily Dose

Get the Picture
Which JB?

Remove Ads.
Support Sporcle.
Get the best of Sporcle when you Go Orange. This ad-free experience offers more features, more stats, and more fun while also helping to support Sporcle. Thank you for becoming a member.

You're not logged in!

Compare scores with friends on all Sporcle quizzes.
OR
Log In

Show Comments

Extras

Top Quizzes Today


Score Distribution

Your Account Isn't Verified!

In order to create a playlist on Sporcle, you need to verify the email address you used during registration. Go to your Sporcle Settings to finish the process.

Report this User

Report this user for behavior that violates our Community Guidelines.

Details: